Reflexões sobre a causa de pedir no direito processual brasileiro / (Record no. 638)

MARC details
000 -LÍDER
Campo Fixo de Controle 00671nam a2200229 a 4500
001 - NÚMERO DE CONTROLE
Campo de Controle 638
003 - IDENTIFICAÇÃO DO NÚMERO DE CONTROLE
Campo de Controle BR-CuiBMT
005 - DATA E HORA DA ÚLTIMA ATUALIZAÇÃO
Campo de Controle 20231111221429.0
008 - DADOS FIXOS
Dados Fixos 231111s2014 dtb 000 0 por d
020 ## - INTERNATIONAL STANDARD BOOK NUMBER
Nº do ISBN 9788588652729
040 ## - AGÊNCIA CATALOGADORA
Código da Agência Catalogadora BR-CuiBMT
Agência que transcreveu o registro BR-CuiBMT
080 ## - Nº DA CLASSIFICAÇÃO DECIMAL UNIVERSAL
Nº edição CDU 2007
Nº Class. CDU 342.919
090 ## - NÚMERO DE CHAMADA
Nº classificação 342.919
Cutter C515r
100 1# - ENTRADA PRINCIPAL -- AUTOR PESSOAL
Nome pessoal Cheker, Monique
245 10 - TÍTULO PRINCIPAL
Título principal Reflexões sobre a causa de pedir no direito processual brasileiro /
Indicação de responsabilidade Monique Cheker.
260 ## - PUBLICAÇÃO, DISTRIBUIÇÃO, ETC.
Local de publicação Brasília :
Editora ESMPU,
Data 2014.
300 ## - DESCRIÇÃO FÍSICA
N. páginas ou volumes 119 p. ;
Dimensões 23 cm
504 ## - NOTA DE BIBLIOGRAFIA, ETC.
Nota de bibliografia Inclui bibliografia.
650 ## - ASSUNTO TÓPICO
Cabeçalho tópico ou nome geográfico Direito processual civil
Subdivisão geográfica Brasil
650 ## - ASSUNTO TÓPICO
Cabeçalho tópico ou nome geográfico Direito processual penal
Subdivisão geográfica Brasil
942 ## - ELEMENTOS DE ENTRADA ADICIONAIS (KOHA)
Fonte de classificação ou esquema de arquivamento Classificação Decimal Universal
Tipo de item do Koha Livros
Holdings
Estado: removido Estado: perdido Fonte de classificação ou esquema de arquivamento Estado: danificado Indisponível para empréstimo Localização permanente Localização atual Data de aquisição Total Checkouts Número de Chamada completo Código de barras Date last seen Número do exemplar Preço efetivo a partir de Tipo de item (Koha)
    Classificação Decimal Universal     Biblioteca da Escola Superior de Contas do TCE/MT Biblioteca da Escola Superior de Contas do TCE/MT 11/11/2023   342.919 C515r BIBTCEMT23110460 11/11/2023 Ex. 1 11/11/2023 Livros

Powered by Koha